000 00899nam a22002651 4500
001 47581
003 BD-RjUL
005 20211209054340.0
008 160809s1965 njua b 000 0 eng
035 _a(BD-RjUL)47700
040 _aDLC
_cDLC
_dDLC
_dBD-RjUL
_beng
041 _aeng
082 0 0 _a378.1543
_bBLT 1965
100 1 _aBlocker, Clyde E.
_9144617
245 1 4 _aThe two-year college :
_ba social synthesis /
_c[by] Clyde E. Blocker, Robert H. Plummer [and] Richard C. Richardson, Jr.
260 _aEnglewood Cliffs, N.J. :
_bPrentice-Hall,
_c1965
300 _axii, 298 p. :
_bill. ;
_c24 cm.
490 0 _aPrentice-Hall series in education
504 _aIncludes bibliographies.
650 0 _aJunior colleges.
_9140926
700 1 _aPlummer, Robert H.,
_ejoint author.
_9144618
700 1 _aRichardson, Richard C.,
_ejoint author.
_9144619
942 _2ddc
_cBK
999 _c47581
_d47581